| 000 | 00791nam a2200217 4500 | ||
|---|---|---|---|
| 005 | 20211013233024.0 | ||
| 008 | 211013s1982 pe |||fr|||| 001 0 spa d | ||
| 040 |
_aCENDOC CAAAP _bspa _cCAAAP |
||
| 041 | _aspa | ||
| 050 |
_aP 91 _b.O73 |
||
| 100 | 1 |
_94258 _aOrtega, Julio |
|
| 245 | 1 |
_aTexto, comunicación y cultura : _blos ríos profundos de José María Arguedas / _cJulio Ortega |
|
| 250 | _a1ra ed. | ||
| 260 |
_aLima: _bCentro de Estudios para el Desarrollo y Participación, _c1982 |
||
| 300 | _a131 p. | ||
| 505 | _aContiene : EL narrador plural -- El modelo natural y el modelo social -- Texto, mito y sujeto -- Apéndice documental. | ||
| 650 | 1 | 0 |
_92024 _aLiteratura Indígena |
| 650 | 2 | 0 |
_9543 _aCultura Tradicional |
| 650 | 2 | 0 |
_9586 _aMitología |
| 942 |
_2lcc _b13 - 10 - 21 _cBK |
||
| 999 |
_c2669 _d2669 |
||